TOP 10 Countries in: Information Technology - Statistics

General Stats
  • This quiz has been taken 307 times
  • The average score is 7 of 10
Answer Stats
Index/7 Country Name % Correct
5.72 United States of America
98%
5.65 Japan
92%
5.70 United Kingdom
87%
5.91 Sweden
67%
6.01 Finland
66%
5.82 Norway
63%
5.86 Netherlands
53%
6.03 Singapore
50%
5.76 Switzerland
50%
5.67 Luxembourg
25%
No matching quizzes found
Score Distribution
Percent of People with Each Score
Percentile by Number Answered
Your Score History
You have not taken this quiz